Subdivisions of The Gambia - Statistics

General Stats
  • This quiz has been taken 65 times
  • The average score is 4 of 6
Answer Stats
Area Population Subdivision % Correct
90 km² 413,000 Banjul
93%
1,620 km² 82,000 Lower River
73%
2,890 km², 226,000 Central River
70%
2,070 km² 240,000 Upper River
70%
2,260 km² 221,000 North Bank
65%
1,760 km² 700,000 Western
63%
No matching quizzes found
Score Distribution
Percent of People with Each Score
Percentile by Number Answered
Your Score History
You have not taken this quiz